=LDR 00000nam 2200000 4500 =001 INLIS000000000010139 =005 20130612101846 =008 ***********************************Ind** =035 ##$$0010-061300000010139 =041 ##$$a Ind =082 ##$$a 510 =090 ##$$a 510, Moh m =100 ##$$a Mohammed, Mohani =245 ##$$a Matematikawan muslim terkemuka, Mohaini Mohammed =260 ##$$a 2001 $b Jakarta =300 ##$$a 160 hln, 21 cm =650 ##$$a Matematika =850 ##$$a NBPNMAT